000 00544nam a22001817a 4500
999 _c19245
_d19245
003 AR-CdUCM
008 190517b ||||| |||| 00| 0 sp d
040 _aMUNICIPALIDAD PROVINCIAL DEL CUSCO
_cBIBLIOTECA MUNICIPAL DEL CUSCO
082 _a985.009 /
_bV141
100 _aValcarcel, Carlos Daniel
_96185
245 _aIgnacio del Castro /
260 _aLima :
_bMonterrio,
_c1987.
300 _a63 páginas ;
_c21 cm.
440 _aLos que hicieron el Perú
_n14
_940472
505 _aIgnacio del Castro
942 _2ddc
_cLIBROS
945 _awfj